Природа и общество: специфика, единство, взаимодействие

Λεπτομέρειες βιβλιογραφικής εγγραφής
Κύριος συγγραφέας: Кобылянский В. А. Виктор Аполлонович
Γλώσσα:Ρωσικά
Έκδοση: Красноярск, Изд-во Красноярского ун-та, 1985
Θέματα:
Μορφή: Βιβλίο
KOHA link:https://koha.lib.tpu.ru/cgi-bin/koha/opac-detail.pl?biblionumber=36423

MARC

LEADER 00000nam0a2200000 4500
001 36423
005 20231031001827.0
035 |a (RuTPU)RU\TPU\book\36895 
035 |a BOOK00003547 
090 |a 36423 
100 |a 20011210d1985 k y0rusy50 ca 
101 0 |a rus 
102 |a RU 
105 |a y z 001zy 
200 1 |a Природа и общество: специфика, единство, взаимодействие  |f В. А. Кобылянский 
210 |a Красноярск  |c Изд-во Красноярского ун-та  |d 1985 
215 |a 197 с. 
320 |a Библиогр.: с. 178-191 (371 назв.). 
610 1 |a экология 
610 1 |a социальная экология 
610 1 |a природа 
610 1 |a общество 
610 1 |a специфика 
610 1 |a единство 
610 1 |a взаимодействие 
675 |a 502.3  |v 3 
675 |a 504.03  |v 3 
700 1 |a Кобылянский  |b В. А.  |g Виктор Аполлонович 
801 0 |a RU  |b 63413507  |c 20011210  |g PSBO 
801 2 |a RU  |b 63413507  |c 20141209  |g PSBO 
900 |a Экология 
942 |c BK